Estadistica del nivel de educacion superior Honduras, C.A.1999
| Coauteur: | |
|---|---|
| Formaat: | Boek |
| Taal: | Spaans |
| Gepubliceerd in: |
Honduras :
Universidad Nacional Autónoma de Honduras,
2000
|
| Onderwerpen: |
MARC
| LEADER | 00000nam a2200000Ia 4500 | ||
|---|---|---|---|
| 008 | 180427b2000 ho ||||| |||| 00| | spa d | ||
| 999 | |c 1840 |d 1840 | ||
| 090 | |a 06.03.06 |b 890 | ||
| 110 | 2 | |a Universidad Nacional Autónoma de Honduras |9 3626 | |
| 245 | 1 | 0 | |a Estadistica del nivel de educacion superior Honduras, C.A.1999 |
| 260 | |a Honduras : |b Universidad Nacional Autónoma de Honduras, |c 2000 | ||
| 300 | |a 157 páginas | ||
| 650 | 1 | 4 | |a EDUCACIÓN SUPERIOR |9 8 |
| 650 | 1 | 4 | |a ESTADÍSTICA |9 549 |
| 942 | |i 001639 |h 06.03.06 890 |2 z |c 01 | ||
